Phân công, phối hợp giữa các cơ quan trong thực hiện các quyền lập pháp, hành pháp và tư pháp ở Việt Nam : Sách chuyên khảo-tham khảo

Nội dung sách cung cấp những kiến thức về cơ sở lý luận về sự phân công phối hợp giữa các cơ quan trong thực hiệncác quyền lập pháp, hành pháp và tư pháp.

Guardado en:
Detalles Bibliográficos
Autor principal: Cao, Anh Đô
Formato: Libro
Lenguaje:Undetermined
Publicado: Hà Nội Chính trị Quốc gia 2013
Materias:
Etiquetas: Agregar Etiqueta
Sin Etiquetas, Sea el primero en etiquetar este registro!
Thư viện lưu trữ: Trung tâm Học liệu Trường Đại học Cần Thơ
LEADER 01056nam a2200229Ia 4500
001 CTU_181287
008 210402s9999 xx 000 0 und d
020 |c 40000 
082 |a 349.597 
082 |b Đ450 
100 |a Cao, Anh Đô 
245 0 |a Phân công, phối hợp giữa các cơ quan trong thực hiện các quyền lập pháp, hành pháp và tư pháp ở Việt Nam : 
245 0 |b Sách chuyên khảo-tham khảo 
245 0 |c Cao Anh Đô 
260 |a Hà Nội 
260 |b Chính trị Quốc gia 
260 |c 2013 
520 |a Nội dung sách cung cấp những kiến thức về cơ sở lý luận về sự phân công phối hợp giữa các cơ quan trong thực hiệncác quyền lập pháp, hành pháp và tư pháp. 
650 |a Public administration,Legislative bodies,Cơ quan lập pháp,Hành chính công 
650 |z Vietnam 
904 |i Qhieu 
980 |a Trung tâm Học liệu Trường Đại học Cần Thơ